[Event "It"]
[Site "New Castle on Tyne (England)"]
[Round "5"]
[White "Adamson Robby (USA)"]
[Black "Kreiman Boris (USA)"]
[Result "0-1"]
[WhiteElo "2310"]
[BlackElo "2455"]

1.e4 c6 2.d4 d5 3.Nd2 dxe4 4.Nxe4 Bf5 5.Ng3 Bg6 6.h4 h6 7.f4 e6 8.Nf3 Nd7 9.h5
Bh7 10.Bd3 Bxd3 11.Qxd3 Ngf6 12.Bd2 Bd6 13.Qe2 Qc7 14.Ne5 O-O 15.O-O-O c5
16.Ne4 cxd4 17.Nxd6 Qxd6 18.g4 Qd5 19.Kb1 Nxe5 20.fxe5 Ne4 21.Rhe1 f5 22.exf6
Nxf6 23.Bb4 Rfe8 24.c4 Qg5 25.Rxd4 e5 26.Rd6 Rad8 27.Rxd8 Rxd8 28.Rg1 Rd4
29.Bc3 Rxg4 30.Re1 Qxh5 31.Qf2 Ne4 {#R} 0-1

[Event "It (open)"]
[Site "Nova Gorica (Slovenia)"]
[Round "9"]
[White "Kavcic Uros (SLO)"]
[Black "Drobne Marjan (SLO)"]
[Result "1/2-1/2"]
[WhiteElo "2213"]
[BlackElo "2093"]

1.e4 c6 2.d4 d5 3.Nd2 dxe4 4.Nxe4 Bf5 5.Ng3 Bg6 6.h4 h6 7.f4 e6 8.Nf3 Nd7 9.h5
Bh7 10.Bd3 Bxd3 11.Qxd3 Ngf6 12.f5 Qc7 13.Ne2 e5 14.dxe5 Nxe5 15.Nxe5 Qxe5
16.Bf4 Qxb2 17.Rd1 Qb4+ 18.c3 Qe4 19.Qg3 Nd5 20.Rh4 Be7 21.Bg5 Qxf5 22.Bxe7
Nxe7 23.Qxg7 Rg8 24.Qxh6 Rxg2 25.Qe3 Rd8 26.Rhd4 Rxd4 27.Qxd4 Nd5 28.c4 Rxe2+
29.Kxe2 Qxh5+ 30.Ke1 Qh1+ 31.Kd2 Qh6+ 32.Ke1 Qh1+ 33.Kf2 Qh2+ 34.Kf1 Qh1+
35.Ke2 Qg2+ 36.Kd3 Qg3+ 37.Kd2 Qg5+ {#d} 1/2-1/2

[Event "Ch Russia (1/2 final)"]
[Site "Perm (Russia)"]
[Round "1"]
[White "Gorbushin Anatoly (RUS)"]
[Black "Vlasov Sergey (RUS)"]
[Result "1-0"]
[WhiteElo "2274"]
[BlackElo "2193"]

1.e4 c6 2.d4 d5 3.Nc3 dxe4 4.Nxe4 Bf5 5.Ng3 Bg6 6.h4 h6 7.f4 e6 8.Nf3 Nd7
9.Ne5 Nxe5 10.fxe5 Ne7 11.h5 Bh7 12.c3 Qc7 13.Qf3 Nd5 14.Bc4 O-O-O 15.O-O Rd7
16.b4 g5 17.Bd2 Bg7 18.a4 Rf8 19.Bb3 f6 20.exf6 Rxf6 21.Qg4 Qd6 22.Rxf6 Bxf6
23.Ne4 Bxe4 24.Qxe4 e5 25.Rf1 exd4 26.cxd4 Nc7 27.d5 cxd5 28.Qf5 Bd8 29.Rc1
Qf6 30.Qd3 Kb8 31.b5 Rf7 32.Be3 Qf5 33.Qd4 b6 34.Qc3 Qf6 35.Bd4 Qe6 36.Be5 Qd7
37.Qd4 Re7 38.Re1 Kb7 39.Re3 Re8 40.Rf3 Re7 41.Rf8 Qe6 42.Rxd8 Qxe5 43.Qxe5
Rxe5 44.Rd6 g4 45.Rxh6 g3 46.Kf1 Rf5+ 47.Ke1 Rf2 48.Rh7 Kc8 49.h6 Rxg2 50.Rg7
Rg1+ 51.Kd2 Rh1 52.h7 g2 53.Bc2 Rh2 54.Kc1 Ne8 55.Rxg2 Rh1+ 56.Kb2 {#r} 1-0

[Event "Tournament"]
[Site "Provence (France)"]
[Round "0"]
[White "Girard Jean-Pierre (FRA)"]
[Black "Le Quinio Alexis (FRA)"]
[Result "0-1"]
[WhiteElo "1873"]
[BlackElo "2124"]

1.e4 c6 2.d4 d5 3.Nd2 dxe4 4.Nxe4 Bf5 5.Ng3 Bg6 6.h4 h6 7.f4 e6 8.h5 Bh7 9.Nf3
Nf6 10.Bd3 Bxd3 11.Qxd3 Nbd7 12.Bd2 Bd6 13.O-O-O Qc7 14.Ne5 c5 15.Rhe1 O-O
16.Ne4 Nxe4 17.Qxe4 Nf6 18.Qd3 cxd4 19.Qxd4 Rac8 20.Bc3 Rfd8 21.Kb1 Nd5 22.Rd3
Bb4 23.Qf2 Bxc3 24.bxc3 Nxc3+ 25.Kb2 Rxd3 26.cxd3 Qa5 27.Ka1 Nxa2 {#R} 0-1

[Event "Ch Slovenia (team)"]
[Site "Radovljica (Slovenia)"]
[Round "1"]
[White "Juhant Igor (SLO)"]
[Black "Kobe Tadej (SLO)"]
[Result "1/2-1/2"]
[WhiteElo "1926"]
[BlackElo "1885"]

1.e4 c6 2.d4 d5 3.Nc3 dxe4 4.Nxe4 Bf5 5.Ng3 Bg6 6.h4 h6 7.f4 e6 8.Nf3 Nd7
9.Bd3 Bxd3 10.Qxd3 Qc7 11.O-O O-O-O 12.Ne5 Nxe5 13.fxe5 c5 14.c3 cxd4 15.cxd4
Rxd4 16.Qxd4 Bc5 17.Be3 Bxd4 18.Bxd4 Kb8 19.Rac1 Qd8 20.Bc5 Ne7 21.Bd6+ Ka8
22.Rxf7 Nd5 23.Rcf1 Qb6+ 24.Kh2 a5 25.Ne4 Qxb2 26.Nc5 Qxa2 27.Rf8+ Rxf8
28.Rxf8+ Ka7 29.Rf7 Qb2 30.Rxg7 Qd4 31.Rxb7+ Ka8 {#d} 1/2-1/2

[Event "Memorial A.Petrov"]
[Site "St. Petersburg (Russia)"]
[Round "1"]
[White "Castaneda Georgui (PER)"]
[Black "Kazakov Vladimir A (RUS)"]
[Result "1-0"]
[WhiteElo "2512"]
[BlackElo "2245"]

1.e4 c6 2.d4 d5 3.Nc3 dxe4 4.Nxe4 Bf5 5.Ng3 Bg6 6.h4 h6 7.f4 Qc7 8.Nf3 Nd7
9.h5 Bh7 10.Bd3 Bxd3 11.Qxd3 e6 12.Bd2 O-O-O 13.Qe2 Ngf6 14.O-O-O Be7 15.Ne5
Nxe5 16.dxe5 Nd7 17.Qg4 Rhg8 18.Rhf1 g5 19.hxg6 Rxg6 20.Qh3 Rdg8 21.Rf3 h5
22.Qxh5 Rxg3 23.Rxg3 Rxg3 24.Qxf7 Bd8 25.Qxe6 Rxg2 26.Qh3 Rg7 27.e6 Re7
28.exd7+ Qxd7 29.Qxd7+ Rxd7 30.Bc3 Rf7 31.Be5 Bc7 32.Bxc7 Kxc7 33.Rd4 c5
34.Re4 Kd6 35.Kd2 b5 36.Ke3 Rf5 37.Kf3 Rd5 38.Re8 Kd7 39.Re5 Kd6 40.Rxd5+ Kxd5
41.Kg4 Ke6 42.Kg5 Kf7 43.Kf5 a5 44.Ke5 c4 45.Kd5 Kf6 46.Kc5 {#r} 1-0

[Event "Ch Poland (juniors) (under 20)"]
[Site "Trzebinia (Poland)"]
[Round "2"]
[White "Szelag Marcin (POL)"]
[Black "Szczechowicz Bartosz (POL)"]
[Result "1-0"]
[WhiteElo "2350"]
[BlackElo "2200"]

1.e4 c6 2.d4 d5 3.Nc3 dxe4 4.Nxe4 Bf5 5.Ng3 Bg6 6.h4 h6 7.f4 e6 8.Nf3 Nd7 9.h5
Bh7 10.Bd3 Bxd3 11.Qxd3 Qc7 12.Bd2 O-O-O 13.Qe2 Ngf6 14.O-O-O Bd6 15.Ne5 Rhf8
16.Ne4 Nxe4 17.Qxe4 f5 18.Qe2 Nf6 19.Qc4 Rfe8 20.Qa4 Bxe5 21.dxe5 Ne4 22.Qxa7
Rxd2 23.Rxd2 Nxd2 24.Kxd2 Qd7+ 25.Kc1 Rd8 26.Qf2 Qd5 27.b3 Qa5 28.Kb2 Rd2
29.Qe3 Qd5 30.Rg1 Rxg2 31.Rxg2 Qxg2 32.Qc5 Qd2 33.a4 Qxf4 34.Qd6 Qe4 35.Qxe6+
Kb8 36.Qd6+ Ka7 37.e6 f4 38.Qc5+ b6 39.Qe7+ Ka6 40.Qd8 Qe5+ 41.Ka2 Ka5 42.e7
Qc3 43.Qd3 Qe1 44.Qd7 Qe4 45.Qd2+ {#r} 1-0

[Event "It (open) (a) \"]
[Site "Vienna (Austria)"]
[Round "5"]
[White "Dueckstein Andreas (AUT)"]
[Black "Hafner Robert (AUT)"]
[Result "1-0"]
[WhiteElo "2340"]
[BlackElo "2091"]

1.e4 c6 2.d4 d5 3.Nc3 dxe4 4.Nxe4 Bf5 5.Ng3 Bg6 6.h4 h6 7.f4 e6 8.Nf3 Nd7 9.h5
Bh7 10.Bc4 Ngf6 11.Qe2 Be7 12.Ne5 O-O 13.Be3 c5 14.O-O-O cxd4 15.Bxd4 Qc7
16.Bd3 Bxd3 17.Rxd3 Nc5 18.Bxc5 Bxc5 19.Ne4 Nxe4 20.Qxe4 Rfd8 21.Rhd1 Rxd3
22.Qxd3 Bb6 23.Qe4 Rd8 24.Rxd8+ Qxd8 25.c3 Qh4 26.Qf3 Qe1+ 27.Kc2 Qf2+ 28.Qxf2
Bxf2 29.Kd3 Kf8 30.a4 Ke7 31.b4 f6 32.Nf3 Kd6 33.Nd2 Bg1 34.g4 a6 35.a5 Kc6
36.c4 Bf2 37.Nf3 Kd6 38.Ke4 Ba7 39.c5+ Kd7 40.Nd4 Bb8 41.f5 exf5+ 42.Nxf5 Be5
43.Kd5 Bc3 44.Kc4 Bd2 45.Nxg7 Kc6 46.Ne8 Bg5 47.Nd6 Bf4 48.Nf5 Bd2 49.Nd4+ Kd7
50.Nb3 Bc1 51.b5 axb5+ 52.Kxb5 Kc8 53.Nd4 Bf4 54.c6 bxc6+ 55.Kxc6 Kb8 56.Nb5
Ka8 57.a6 Be5 58.Kd5 Bb2 59.Ke6 Ba1 60.Kf5 Bb2 61.Kg6 {#r} 1-0

[Event "Ch France (team) (juniors) 1997/98"]
[Site "France"]
[Round "10"]
[White "Sorin Maxime (FRA)"]
[Black "Boissonnier Kimo (FRA)"]
[Result "0-1"]
[WhiteElo "2180"]
[BlackElo "2030"]

1.e4 c6 2.d4 d5 3.Nc3 dxe4 4.Nxe4 Bf5 5.Ng3 Bg6 6.h4 h6 7.f4 e6 8.Nf3 Nd7 9.h5
Bh7 10.Bd3 Bxd3 11.Qxd3 Qc7 12.Bd2 O-O-O 13.Qe2 Ngf6 14.O-O-O Nd5 15.Ne5 Nxe5
16.dxe5 Be7 17.Ne4 Rd7 18.Qg4 Rg8 19.a3 Qb6 20.Rhe1 Qa6 21.f5 exf5 22.Qxf5 Qc4
23.Kb1 Rd8 24.Nd6+ Bxd6 25.exd6 Qc5 26.Bb4 Nc3+ {#R} 0-1

[Event "Ch Bosnia (team)"]
[Site "Bihac (Bosnia & Herzegovina)"]
[Round "8"]
[White "Hadzimustafic Samir (BIH)"]
[Black "Tajic Zlatan (BIH)"]
[Result "1/2-1/2"]
[WhiteElo "2334"]
[BlackElo "2175"]

1.e4 c6 2.d4 d5 3.Nd2 dxe4 4.Nxe4 Bf5 5.Ng3 Bg6 6.h4 h6 7.f4 e6 8.Nf3 Nd7
9.Ne5 Nxe5 10.fxe5 Ne7 11.h5 Bh7 12.c3 Qd5 13.Qf3 Qxf3 14.gxf3 Nf5 15.Nxf5
Bxf5 16.Bh3 Bxh3 17.Rxh3 Be7 18.Ke2 O-O 19.Rg3 Kh7 20.Be3 Rad8 21.Rag1 Rg8
22.Rh3 b5 23.f4 a5 24.f5 exf5 25.Rf1 f6 26.Rxf5 Rge8 27.exf6 Bxf6 28.Kd3 Re6
29.a4 Re5 30.Rxe5 Bxe5 31.axb5 cxb5 32.Ke4 Bf6 33.Rf3 Re8+ 34.Kd3 Rb8 35.Rf5
a4 36.Bf4 Rb7 37.Bd6 Kg8 38.Ke4 Be7 39.Bc5 Bf6 40.Bd6 Kf7 41.Rc5 Ke6 42.Bf4 b4
43.Bc1 Be7 44.Rc6+ Kd7 45.Ra6 a3 46.bxa3 bxc3 47.Ra4 Rb1 48.Bf4 c2 49.Rc4 Bd6
50.Be3 Rh1 51.Rxc2 Rxh5 52.Rg2 g5 53.a4 Bc7 54.Kf5 Rh3 55.Bxg5 hxg5 56.Rxg5
Ra3 57.Ke4 Rxa4 58.Rg7+ Kc6 59.Rg6+ Bd6 60.Rg4 Ra3 61.Rg8 Rh3 62.Rc8+ Kd7
63.Rg8 Be7 64.Kd5 Bf6 65.Rg4 Rh5+ 66.Kc4 Ke6 67.Re4+ Kf5 68.Re2 Rh4 69.Rf2+
Ke6 70.Rd2 Kd6 71.Rd3 Rf4 72.Rd1 Rf2 73.Rd3 Rf1 74.Rb3 Rc1+ 75.Rc3 Ra1 76.Rb3
Ke6 77.Rd3 Kf5 78.Rf3+ {#d} 1/2-1/2

[Event "It (cat.2)"]
[Site "Bucharest (Romania)"]
[Round "6"]
[White "Velcheva Maria (BUL)"]
[Black "Solcanean Serghei (MDA)"]
[Result "0-1"]
[WhiteElo "2305"]
[BlackElo "2252"]

1.e4 c6 2.d4 d5 3.Nc3 dxe4 4.Nxe4 Bf5 5.Ng3 Bg6 6.h4 h6 7.f4 e6 8.h5 Bh7 9.Nf3
Nf6 10.Bd3 Bxd3 11.Qxd3 Nbd7 12.Bd2 Qc7 13.O-O-O c5 14.Rhe1 O-O-O 15.Qe2 cxd4
16.Nxd4 Bc5 17.Nf3 Kb8 18.Ne5 Nxe5 19.fxe5 Nd5 20.c3 f5 21.Kb1 Qb6 22.Rf1 Rc8
23.Rf3 Ba3 24.Be1 Rhd8 25.b3 Be7 26.c4 Nb4 27.Bc3 Rxd1+ 28.Qxd1 Rd8 29.Qe1 Bc5
30.Ne2 Nd3 31.Qg3 Nf2 32.Qxg7 Ne4 33.Qxh6 Nxc3+ 34.Rxc3 Bb4 35.Rc2 Qf2 36.Qf4
Qxg2 37.h6 Ba3 38.Nc1 Qg1 39.Qf2 Qh1 40.Qh2 {#R} 0-1

[Event "It (cat.3)"]
[Site "Budapest (Hungary)"]
[Round "5"]
[White "Tuturin Sergey (RUS)"]
[Black "Serrer Christoph (GER)"]
[Result "0-1"]
[WhiteElo "2268"]
[BlackElo "2257"]

1.e4 c6 2.d4 d5 3.Nd2 dxe4 4.Nxe4 Bf5 5.Ng3 Bg6 6.h4 h6 7.f4 e6 8.h5 Bh7 9.Nf3
Nf6 10.Bd3 Bxd3 11.Qxd3 Qa5+ 12.Bd2 Qa6 13.Qxa6 Nxa6 14.O-O-O Bd6 15.Ne5 O-O
16.Rhe1 Rfe8 17.Ne4 Nxe4 18.Rxe4 Rad8 19.Ba5 Rc8 20.g4 c5 21.Bc3 Rcd8 22.g5
hxg5 23.fxg5 Bxe5 24.Rxe5 cxd4 25.Bxd4 Nb4 26.Re4 Nxa2+ 27.Kb1 Nb4 28.Rh1 Nc6
29.Bc3 e5 30.h6 gxh6 31.gxh6 f5 32.Re2 Kh7 33.Rh5 f4 34.Rg2 Rg8 35.Rgh2 Rdf8
36.Bxe5 f3 37.Rf2 Rg2 38.Bg7 Rf4 39.Rf1 f2 40.Rhh1 Rfg4 41.Bf8 b6 42.Bd6 Rg1
43.Bh2 Rxh1 44.Rxh1 {#R} 0-1

[Event "Moravian League 1999/00 (1st)"]
[Site "Czech Republic"]
[Round "2"]
[White "Blaha Vojtech (CZE)"]
[Black "Zatloukal Petr (CZE)"]
[Result "0-1"]
[WhiteElo "2119"]
[BlackElo "2093"]

1.e4 c6 2.d4 d5 3.Nc3 dxe4 4.Nxe4 Bf5 5.Ng3 Bg6 6.h4 h6 7.f4 Nf6 8.f5 Bxf5
9.Nxf5 Qa5+ 10.c3 Qxf5 11.Bd3 Qg4 12.Qc2 Qg3+ 13.Kf1 e6 14.Nf3 Qc7 15.Ne5 Nbd7
16.Bf4 Nd5 17.g3 Nxe5 18.dxe5 Bc5 19.Re1 O-O-O 20.Kg2 Rd7 21.Bc1 Rhd8 22.Bc4
Ne7 23.Kh3 b5 24.Bf1 Ng6 25.b4 Bb6 26.a4 a6 27.axb5 cxb5 28.Bg2 Rd3 29.Qa2 Qa7
30.Rhf1 Kb8 31.Be4 Rxc3 32.Bxg6 fxg6 33.Qxe6 Bf2 34.Rxf2 Qxf2 35.Be3 Qf5+
36.Qxf5 gxf5 37.e6 Rc4 38.e7 Re8 39.Bc5 Re4 40.Rf1 Re6 41.Rxf5 R8xe7 42.Bxe7
Rxe7 43.Kg4 Re4+ 44.Kf3 Rxb4 45.Rf8+ Kc7 46.Rf7+ Kd8 47.Rxg7 a5 48.g4 a4
49.Ra7 Ke8 50.h5 Rb3+ 51.Ke4 a3 52.Kf5 b4 53.Ra4 Rb2 54.Kg6 a2 55.Kxh6 b3 {#R}
0-1

[Event "It (open)"]
[Site "Finkenstein (Austria)"]
[Round "0"]
[White "Demuth Markus (AUT)"]
[Black "Genser Harald (AUT)"]
[Result "1/2-1/2"]
[WhiteElo "2221"]
[BlackElo "2160"]

1.e4 c6 2.d4 d5 3.Nc3 dxe4 4.Nxe4 Bf5 5.Ng3 Bg6 6.h4 h6 7.f4 e6 8.Nf3 Nd7 9.h5
Bh7 10.Bd3 Bxd3 11.Qxd3 Ngf6 12.Bd2 c5 13.O-O-O Qc7 14.Qe2 Be7 15.Ne4 Nxe4
16.Qxe4 Nf6 17.Qe2 O-O-O 18.Ne5 Bd6 19.Be3 Nd5 20.g3 {#d} 1/2-1/2

[Event "Ch France (team) (juniors) 1999/00"]
[Site "France"]
[Round "5"]
[White "Sorin Baptiste (FRA)"]
[Black "Fischer Marc (FRA)"]
[Result "1/2-1/2"]
[WhiteElo "2216"]
[BlackElo "2215"]

1.e4 c6 2.d4 d5 3.Nc3 dxe4 4.Nxe4 Bf5 5.Ng3 Bg6 6.h4 h6 7.f4 Nd7 8.h5 Bh7
9.Bd3 Bxd3 10.Qxd3 e6 11.Bd2 Ngf6 12.Nf3 Bd6 13.Ne5 Qc7 14.O-O-O Nb6 15.Kb1
O-O-O 16.Qe2 Kb8 17.c4 c5 18.Ba5 Rhf8 19.Rhf1 cxd4 20.Rxd4 Qc5 21.Bxb6 Qxb6
22.Rfd1 Qc7 23.R1d2 Bxe5 24.Rxd8+ Rxd8 25.Rxd8+ Qxd8 26.Qxe5+ Qc7 27.Qd4 Qd7
28.Qe5+ Qc7 29.Qd4 Qd7 30.Qxd7 Nxd7 31.Kc2 Kc7 32.b4 Nf6 33.Kd3 b5 34.a3 bxc4+
35.Kxc4 Nd5 36.f5 Ne3+ 37.Kd4 Nxg2 38.fxe6 fxe6 39.Ke5 Ne3 40.Ne4 Kd7 41.Nc5+
Ke7 42.Nxe6 {#d} 1/2-1/2

[Event "Ch Nordic School"]
[Site "Norway"]
[Round "0"]
[White "Carlsson Pontus (SWE)"]
[Black "Hansen Victor (NOR)"]
[Result "1-0"]
[WhiteElo "2186"]
[BlackElo "2123"]

1.e4 c6 2.d4 d5 3.Nd2 dxe4 4.Nxe4 Bf5 5.Ng3 Bg6 6.h4 h6 7.f4 e6 8.Nf3 Nd7
9.Ne5 Nxe5 10.fxe5 Ne7 11.h5 Bh7 12.c3 Nd5 13.Bd3 Bxd3 14.Qxd3 Be7 15.O-O O-O
16.Ne4 Rc8 17.Bd2 Kh8 18.c4 Nb6 19.b3 c5 20.Bc3 cxd4 21.Bxd4 Nd7 22.Rad1 Qc7
23.Qg3 Bc5 24.Bxc5 Nxc5 25.Nd6 Ra8 26.Rf4 b6 27.Rdf1 Kg8 28.Rg4 {#r} 1-0

[Event "NRW-liga (juniors) 1998/99"]
[Site "NRW (Germany)"]
[Round "7"]
[White "Scharfenberg Michael (GER)"]
[Black "Blum Michael"]
[Result "1/2-1/2"]
[WhiteElo "2153"]
[BlackElo "1830"]

1.e4 c6 2.d4 d5 3.Nd2 dxe4 4.Nxe4 Bf5 5.Ng3 Bg6 6.h4 h6 7.f4 e6 8.Nf3 Nd7 9.h5
Bh7 10.Bd3 Bxd3 11.Qxd3 Qc7 12.Bd2 O-O-O 13.Qe2 Ngf6 14.Ne5 Nxe5 15.dxe5 Nd5
16.O-O-O Be7 17.Ne4 c5 18.c4 Nb4 19.Bxb4 cxb4 20.Kb1 Kb8 21.b3 b6 22.Qg4 Rxd1+
23.Rxd1 Rd8 24.Kc2 Rxd1 25.Qxd1 Qc6 26.Qf3 Qd7 27.Qd3 Kc7 28.Qxd7+ Kxd7 29.Kd3
Bc5 30.g4 Ke8 31.g5 Kd7 32.Ke2 Be7 33.Kf3 Bf8 34.Nf2 Kc6 35.Ng4 Kc5 36.Ke4 Kc6
37.Kd4 Bc5+ 38.Ke4 Bf8 39.Nh2 Be7 40.Nf3 Kd7 41.Kd3 Kc6 42.Ke3 Kd7 43.Ke4 Kc7
44.gxh6 gxh6 45.Nh2 Bf8 46.Ng4 Kc6 47.Nf6 Be7 48.Ng4 Bf8 49.f5 Kd7 50.Nf6+ Kd8
51.fxe6 fxe6 52.Kd4 Bc5+ 53.Kd3 Be7 54.Ne4 Kd7 {#d} 1/2-1/2

[Event "It (open)"]
[Site "Pula (Croatia)"]
[Round "5"]
[White "Sax Gyula (HUN)"]
[Black "Mandekic Ivan (CRO)"]
[Result "1-0"]
[WhiteElo "2588"]
[BlackElo "2230"]

1.e4 c6 2.d4 d5 3.Nc3 dxe4 4.Nxe4 Bf5 5.Ng3 Bg6 6.h4 h6 7.f4 e6 8.Nf3 Nf6
9.Ne5 Bh7 10.c3 Nbd7 11.Bd3 Bxd3 12.Qxd3 Be7 13.Bd2 Rc8 14.O-O-O c5 15.Be3 O-O
16.Ne4 Qa5 17.Kb1 Rfd8 18.Ng5 cxd4 19.Bxd4 Nc5 20.Qc2 hxg5 21.hxg5 Nce4 22.Rh3
Nxg5 23.fxg5 {#r} 1-0

[Event "Ch Cuba"]
[Site "Santa Clara (Cuba)"]
[Round "0"]
[White "Gongora Maikel (CUB)"]
[Black "Becerra Rivero Julio (USA)"]
[Result "1/2-1/2"]
[WhiteElo "2454"]
[BlackElo "2546"]

1.e4 c6 2.d4 d5 3.Nd2 dxe4 4.Nxe4 Bf5 5.Ng3 Bg6 6.h4 h6 7.f4 e6 8.Nf3 Nd7 9.h5
Bh7 10.Bd3 Bxd3 11.Qxd3 Bd6 12.Bd2 Qc7 13.Ne5 Bxe5 14.dxe5 O-O-O 15.Qa3 Kb8
16.O-O-O c5 17.Ne4 Ne7 18.Nd6 Rhf8 19.Rh3 Nc8 20.Rd3 Ndb6 21.Ba5 f6 22.Bxb6
axb6 23.Qb3 fxe5 24.fxe5 Nxd6 25.exd6 Qc6 26.Qxe6 Qxg2 27.d7 Qg5+ 28.Kb1 Qf6
29.Qh3 Rf7 30.a3 Qf5 31.Qg3+ Qf4 32.Qg6 Qf6 33.Qg3+ {#d} 1/2-1/2

[Event "Ch Asturia (team) 1999/00"]
[Site "Spain"]
[Round "1"]
[White "Ramirez Alvarez Roberto (ESP)"]
[Black "Perez Diaz Manuel Amador (ESP)"]
[Result "0-1"]
[WhiteElo "2059"]
[BlackElo "1970"]

1.e4 c6 2.d4 d5 3.Nd2 dxe4 4.Nxe4 Bf5 5.Ng3 Bg6 6.h4 h6 7.f4 e6 8.Nf3 Nf6 9.h5
Bh7 10.Bd3 Bxd3 11.Qxd3 Bd6 12.Bd2 Nbd7 13.O-O-O Qc7 14.Ne5 O-O 15.Ne4 Nxe4
16.Qxe4 f5 17.Qf3 Nf6 18.Kb1 Bxe5 19.dxe5 Ne4 20.g4 Rad8 21.Be3 c5 22.gxf5
exf5 23.c4 Qc6 24.Qh3 Qa4 25.Rxd8 Rxd8 26.b3 Qd7 27.Rc1 Qd3+ 28.Kb2 Nf2 29.Qf3
Nd1+ 30.Rxd1 Qxd1 31.Qxd1 Rxd1 32.Bxc5 b6 33.Be3 Rd3 34.Bc1 Kf7 35.b4 Ke6
36.b5 Rh3 37.a4 Rxh5 38.a5 Rh2+ 39.Kc3 Re2 40.Kd3 Re4 41.axb6 axb6 42.Be3 h5
43.Bxb6 h4 44.Bg1 h3 45.c5 Rb4 46.b6 Kd7 47.e6+ Kxe6 48.Kc3 Rb1 49.Kc2 Rb5
50.c6 Rxb6 51.Bxb6 h2 {#R} 0-1

[Event "Memorial M.Chigorin (open)"]
[Site "St. Petersburg (Russia)"]
[Round "7"]
[White "Loskutov Oleg (RUS)"]
[Black "Asrian Karen (ARM)"]
[Result "1/2-1/2"]
[WhiteElo "2359"]
[BlackElo "2575"]

1.e4 c6 2.d4 d5 3.Nc3 dxe4 4.Nxe4 Bf5 5.Ng3 Bg6 6.h4 h6 7.f4 e6 8.Nf3 Nd7 9.h5
Bh7 10.Bd3 Bxd3 11.Qxd3 Ngf6 12.Bd2 Qc7 13.Qe2 c5 14.O-O-O Bd6 15.Nf5 Bxf4
16.Nxg7+ Kf8 17.Nxe6+ fxe6 18.Qxe6 Qc6 19.d5 Qa4 20.Rh4 Bxd2+ 21.Kxd2 Qa5+
22.b4 Qb6 23.Rf4 Re8 24.Qxd7 Re4 25.Rxf6+ Qxf6 26.Rf1 Qf4+ 27.Kd1 Rd4+ 28.Ke2
Re4+ 29.Kf2 Qe3+ 30.Kg3 Qf4+ 31.Kf2 Qe3+ 32.Kg3 Qf4+ {#d} 1/2-1/2

[Event "It \"]
[Site "Vienna (Austria)"]
[Round "0"]
[White "Dueckstein Andreas (AUT)"]
[Black "Hansen Kay (AUT)"]
[Result "1/2-1/2"]
[WhiteElo "2336"]
[BlackElo "2240"]

1.e4 c6 2.d4 d5 3.Nc3 dxe4 4.Nxe4 Bf5 5.Ng3 Bg6 6.h4 h6 7.f4 e6 8.Nf3 Bd6
9.Ne5 Ne7 10.c3 Qc7 11.Bd3 Bxd3 12.Qxd3 Nd7 13.Ne4 Rd8 14.Nc4 Nc8 15.Qg3 Bf8
16.O-O Nf6 17.Nxf6+ gxf6 18.b4 Nb6 19.Ne3 Nd5 20.Nxd5 cxd5 21.a4 h5 22.Qd3 f5
23.Ba3 Rg8 24.Rf3 Bd6 25.g3 {#d} 1/2-1/2

[Event "Ch Poland (juniors) (under 12)"]
[Site "Wisla (Poland)"]
[Round "0"]
[White "Adamski Michal (POL)"]
[Black "Czarnota Pawel (POL)"]
[Result "1-0"]
[WhiteElo "2041"]
[BlackElo "2554"]

1.e4 c6 2.d4 d5 3.Nc3 dxe4 4.Nxe4 Bf5 5.Ng3 Bg6 6.h4 h6 7.f4 Nf6 8.Nf3 Nbd7
9.h5 Bh7 10.Bd3 Bxd3 11.Qxd3 e6 12.Bd2 Qc7 13.O-O-O O-O-O 14.Qe2 c5 15.Ne5 Nb6
16.dxc5 Bxc5 17.Kb1 Kb8 18.Bc1 Nfd5 19.c4 Nb4 20.b3 Nc6 21.Bb2 Rxd1+ 22.Rxd1
f6 23.Nd3 Nd8 24.Nxc5 Qxc5 25.Ne4 Qe7 26.Bd4 Nd7 27.Qd2 a6 28.Be3 f5 29.Qxd7
Qxd7 30.Rxd7 fxe4 31.Rxg7 Kc8 32.Rg6 Kd7 33.Bd4 Rh7 34.Rg7+ Rxg7 35.Bxg7 Nf7
36.Kc2 Kc6 37.Kc3 Kd7 38.Kd4 Nd6 39.g4 b6 40.Bxh6 a5 41.Bf8 {#r} 1-0

[Event "Ch Poland (juniors) (under 12)"]
[Site "Wisla (Poland)"]
[Round "0"]
[White "Stopa Jacek (POL)"]
[Black "Kalecinski Mateusz (POL)"]
[Result "1-0"]
[WhiteElo "2482"]
[BlackElo "2123"]

1.e4 c6 2.d4 d5 3.Nc3 dxe4 4.Nxe4 Bf5 5.Ng3 Bg6 6.h4 h6 7.f4 e6 8.Nf3 Nd7 9.h5
Bh7 10.Bd3 Bxd3 11.Qxd3 Qc7 12.Bd2 O-O-O 13.O-O-O Ngf6 14.Qe2 Bd6 15.Ne5 Nb6
16.Ne4 Nxe4 17.Qxe4 c5 18.Ba5 f5 19.Qf3 Bxe5 20.dxe5 Rxd1+ 21.Rxd1 Rd8
22.Rxd8+ Qxd8 23.Qb3 Qd5 24.Bxb6 Qxb3 25.axb3 axb6 26.Kd2 Kc7 27.Ke3 Kc6 28.c4
Kd7 29.Kf3 Ke7 30.g4 Kf7 31.gxf5 exf5 32.Ke3 Ke6 33.Kd3 Kf7 34.Kc3 Ke6 35.b4
Ke7 36.bxc5 bxc5 37.b4 b6 38.bxc5 bxc5 39.Kb3 Ke6 40.Ka4 g6 41.hxg6 h5 42.Kb5
h4 43.g7 Kf7 44.e6+ Kxg7 45.Kc6 h3 46.e7 h2 47.e8=Q h1=Q+ 48.Kxc5 Qg1+ 49.Kc6
Qh1+ 50.Kc7 Qe4 51.Qe5+ Kf7 52.Kd6 Qxc4 53.Qxf5+ Kg7 54.Qe5+ Kh7 55.Qe7+ Kh8
56.Qe5+ Kh7 57.Ke7 Qb4+ 58.Kf7 Qb7+ 59.Qe7 Qb2 60.Qh4# 1-0

[Event "Ch Poland (juniors) (under 12) (g)"]
[Site "Wisla (Poland)"]
[Round "0"]
[White "Hermanowicz Dominika (POL)"]
[Black "Czarnota Dorota (POL)"]
[Result "1-0"]
[WhiteElo "2088"]
[BlackElo "2187"]

1.e4 c6 2.d4 d5 3.Nc3 dxe4 4.Nxe4 Bf5 5.Ng3 Bg6 6.h4 h6 7.f4 e6 8.Nf3 Nd7 9.h5
Bh7 10.Bd3 Bxd3 11.Qxd3 Qc7 12.Bd2 O-O-O 13.Qe2 c5 14.Ne5 Nb6 15.c3 Nf6 16.O-O
Kb8 17.dxc5 Bxc5+ 18.Kh1 Bd6 19.a4 Bxe5 20.fxe5 Nfd5 21.b3 Nxc3 22.Qf2 Rd7
23.Rac1 Nbd5 24.Bxc3 Nxc3 25.Qf3 Rc8 26.Ne2 Qxe5 27.Rxc3 Rxc3 28.Nxc3 Rd4
29.g3 f6 30.Nb5 Re4 31.Rd1 Re1+ 32.Rxe1 Qxe1+ 33.Kg2 a6 34.Nc3 Qd2+ 35.Kh3 Qd7
36.Ne2 e5+ 37.Kg2 Qe6 38.g4 Qf7 39.Qd3 Qc7 40.Ng3 Qc6+ 41.Qf3 Qd7 42.Nf5 Ka8
43.Kh3 Kb8 44.Qe4 a5 45.Qc4 Ka8 46.Qg8+ Ka7 47.Qxg7 Qd3+ 48.Ng3 Qxb3 49.Qxh6
Qf3 50.Qg6 Qf4 51.h6 e4 52.h7 e3 53.h8=Q e2 54.Qb1 {#r} 1-0

[Event "Ch World (juniors) (under 20)"]
[Site "Yerevan (Armenia)"]
[Round "10"]
[White "Fantin Ludwig (FRA)"]
[Black "Hansen Torbjorn Ringdal (NOR)"]
[Result "1/2-1/2"]
[WhiteElo "2184"]
[BlackElo "2259"]

1.e4 c6 2.d4 d5 3.Nc3 dxe4 4.Nxe4 Bf5 5.Ng3 Bg6 6.h4 h6 7.f4 e6 8.Nf3 Nd7 9.h5
Bh7 10.Bd3 Bxd3 11.Qxd3 Qc7 12.Bd2 Ngf6 13.O-O-O Bd6 14.Ne5 O-O 15.Ne4 Nxe4
16.Qxe4 Nf6 17.Qe2 c5 18.dxc5 Bxc5 19.g4 Rac8 20.g5 hxg5 21.fxg5 Bd4 22.Bf4
Bxb2+ 23.Kxb2 Qc3+ 24.Kb1 Qb4+ 25.Ka1 Qc3+ {#d} 1/2-1/2

[Event "It (young masters)"]
[Site "Hania (Greece)"]
[Date "1999.08.29"]
[Round "9"]
[White "Patsourakis Aggelos (GRE)"]
[Black "Kouvatsos Filippos (GRE)"]
[Result "1-0"]
[WhiteElo "2058"]
[BlackElo "2116"]

1.e4 c6 2.d4 d5 3.Nc3 dxe4 4.Nxe4 Bf5 5.Ng3 Bg6 6.h4 h6 7.f4 e6 8.Nf3 Nd7 9.h5
Bh7 10.Bd3 Bxd3 11.Qxd3 Qc7 12.Bd2 O-O-O 13.Qe2 Ngf6 14.O-O-O Kb8 15.Ne5 Nxe5
16.fxe5 Nd5 17.Ne4 c5 18.Nxc5 Bxc5 19.dxc5 Qxc5 20.Rhf1 Rc8 21.c3 Rc7 22.Qg4
Ne3 23.Qxg7 Rd8 24.Bxe3 Qxe3+ 25.Kb1 Rd2 26.Rxd2 Qxd2 27.Qf8+ Rc8 28.Qd6+ Qxd6
29.exd6 Rf8 30.Rf6 Kc8 31.c4 Kd7 32.c5 Kc6 33.b4 a5 34.a3 axb4 35.axb4 b6
36.cxb6 Kxd6 37.Rxh6 Ke7 38.Kc2 Rb8 39.Kb3 Rxb6 40.Rh8 Rb5 41.h6 Kf6 42.Rg8
Rh5 43.g4 Rh4 44.b5 {#r} 1-0

[Event "Cup World (for the Blind)"]
[Site "Benasque (Spain)"]
[Round "9"]
[White "Gunajew Rafal (POL)"]
[Black "Muller Michael (FRA)"]
[Result "0-1"]
[WhiteElo "2160"]
[BlackElo "2050"]

1.e4 c6 2.d4 d5 3.Nc3 dxe4 4.Nxe4 Bf5 5.Ng3 Bg6 6.h4 h6 7.f4 e6 8.Nf3 Nd7 9.h5
Bh7 10.Bd3 Bxd3 11.Qxd3 Bd6 12.Bd2 Qc7 13.Ne5 Ne7 14.Ne4 f5 15.Nxd6+ Qxd6
16.Nxd7 Qxd7 17.O-O-O O-O-O 18.Ba5 b6 19.Be1 Nd5 20.Rf1 g5 21.hxg6 Rdg8 22.c4
Nf6 23.d5 Rxg6 24.dxe6 Qxe6 25.Bc3 Rhg8 26.Rf2 Ne4 27.Re2 Rg3 28.Qd4 c5 29.Qe5
Qxe5 30.Bxe5 Rxg2 31.Rxg2 Rxg2 32.Rh1 Rg6 33.Rh2 Kd7 34.Kc2 Kc6 35.Rh1 a6
36.Rd1 Rg2+ 37.Kc1 Rg8 38.Rh1 Rg6 39.Rd1 Nd6 40.b3 b5 41.cxb5+ axb5 42.a4 b4
43.Kc2 Nb7 44.Rd2 h5 45.Rh2 Rh6 46.Bg7 Rh7 47.Bf6 Nd6 48.Bh4 Ne4 49.Rg2 Kd5
50.Kd3 Rd7 51.Rg8 c4+ 52.bxc4+ Kc5+ 53.Kc2 Kxc4 54.Rc8+ Nc5 55.Bf2 b3+ 56.Kc1
Rd5 57.Be1 Kd3 58.Kb2 Ke4 59.Bb4 Nxa4+ 60.Kxb3 Nb6 61.Rc6 Rb5 62.Ka3 Kxf4
63.Bd2+ Ke4 64.Re6+ Kd3 65.Bg5 Nc4+ 66.Ka4 Rb6 67.Re1 Rg6 68.Bd8 Nb6+ 69.Kb5
Nd5 70.Re5 Ne3 71.Bb6 Rxb6+ {#R} 0-1